Najpopularniejsze miejscowości wakacyjne nad morzem - Statystyki

Ogólne statystyki
  • Ten quiz został rozwiązany 699 razy
    623 od ostatniego zresetowania
  • Średni wynik to 10 z 15
Statystyki odpowiedzi
Województwo Miejscowość % Poprawnych
Pomorskie Gdańsk
94%
Pomorskie Gdynia
93%
Pomorskie Sopot
89%
Zachodniopomorskie Kołobrzeg
82%
Pomorskie Hel
79%
Pomorskie Władysławowo
70%
Zachodniopomorskie Świnoujście
69%
Pomorskie Łeba
65%
Pomorskie Ustka
62%
Zachodniopomorskie Mielno
59%
Zachodniopomorskie Międzyzdroje
54%
Pomorskie Jastarnia
52%
Zachodniopomorskie Darłowo
42%
Pomorskie Krynica Morska
41%
Zachodniopomorskie Ustronie Morskie
25%
Nie znaleziono quizów pasujących do podanych kryteriów
Rozkład punktacji
Procent ludzi z każdym wynikiem
Percentyl według liczby udzielonych odpowiedzi
Twoja historia wyników
Nie rozwiązałeś tego quizu od ostatniego zresetowania